000 01494cam a22002054a 4500
005 20250605164137.0
008 250528s ||||||||||||||||||||||||d
035 _a18817
020 _a534519121
040 _aGR-AtMCL
_bgre
_dGR-AtMCL
_eAACR2
245 1 _aLiving in the Environment / Principles, Connections, and Solutions
250 _a10th
260 _bWadsworth Publishing Company,
_c1998
300 _a844
520 _aHumans and Nature: An Overview, Environmental Problems and Their Causes, A Brief History of Resource Use and Conversation, Scientific Principles and Concepts, Critical Thinking: Science and Models and Systems, Matter and Energy Resources: Types of Concepts, Ecosystems and How They Work: Connections in Nature, Ecosystems: Niches and Species Interactions and Succession and Stability, Climate and Weather and Biodiversity, Population Dynamics and Evolution and Human Impacts, Geologic Processes: The Dynamic Earth, Risk and Toxicology and Human Health, The Human Population, Population Dynamics: Influencing Population Size, Population Distribution: Urban Living and Sustainable Cities, Major Global Problems, Deforestation and Loss of Biodiversity, Global Warming and Ozone Loss, Energy Resources, Resources of Pollution, Sustaining Biodiversity and Ecological Integrity, Environment and Society, Appendices, Internwet Sources and Further Reading, Glossary, Index.
700 1 _aMiller Tyler G. Jr
_95081
942 _cBK
999 _c4130
_d4130